000 00383nam a22001457a 4500
020 _a0 220 66318 1
082 _a658.5 NEW
100 _a New, C.C
245 _aManaging manufacture of complex product
260 _aLondon
_bBusiness book
_c1977
300 _axvi,379p.
_bill,23cm.
500 _aincludes indexes.
650 _aManaging manufacture of complex product
942 _cBK
999 _c16665
_d16665